Statistiques concernant Films avec Michel Galabru par image

Cliquez ici pour prendre le quiz!

Statistiques générales

  • Ce quiz a été pris 95 fois
  • Le résultat moyen est 8 sur 16

Statistiques - réponses

Réponse% Correct
Le Gendarme de Saint-Tropez
100%
Astérix et Obélix contre César
95%
L'Avare
78%
Bienvenue chez les Ch'tis
77%
La Cage aux folles
67%
Papy fait de la résistance
65%
Le Petit Baigneur
64%
Le Viager
51%
Les Sous-Doués
41%
Jo
34%
Le Juge et l'Assassin
30%
Le Petit Nicolas
27%
La Guerre des boutons
14%
Subway
11%
Le Grand Bazar
8%
Uranus
7%

Distribution des résultats

Percentile par nombre de réponses

% des personnes avec chaque résultat

Votre développement - résultats

Vous n’avez pas pris ce quiz